000 00406nam a22001577a 4500
005 20200522112443.0
008 200522b xxu||||| |||| 00| 0 eng d
041 _aeng
082 _a345.4 CHO
100 _aChopra,G.R
_95737
245 _aThe All India Reporter1962 (VOL-49) Gujrat Section
260 _aBombay
_bThe All India Reporter Ltd.
_c1962
300 _a362p.
650 _aLaw
_95701
942 _cBK
999 _c6427
_d6425